| 000 | 00508nam a22001937a 4500 | ||
|---|---|---|---|
| 003 | OSt | ||
| 005 | 20140310181804.0 | ||
| 008 | 130704t xxu||||| |||| 00| 0 eng d | ||
| 020 | _a0007134010 | ||
| 050 |
_aPE 1464 _b.C712 2004 |
||
| 082 |
_aREF 423.1 _bUn58b 2002 |
||
| 245 | _aCollins COBUILD idioms dictionary / | ||
| 260 |
_aLondon _bHarperCollins _cc2002. |
||
| 300 |
_axiv, 409, 87 p. _c20 cm. |
||
| 521 | _aBasic Ed. Students | ||
| 541 | _j1 | ||
| 562 | _e1 | ||
| 942 |
_2lcc _cBK-GR _kREF |
||
| 999 |
_c3760 _d3760 |
||